Vytvorenie registra osôb s významnými verejnými funkciami a jeho aplikácia do finančných inovácií

Enregistré dans:
Détails bibliographiques
Auteur principal: Kovalčík, Ctibor (Auteur)
Autres auteurs: Marko, Richard (Directeur de thèse)
Format: Manuscrit Livre
Langue:slovaque
Publié: 2025
Sujets:
Accès en ligne:http://is.stuba.sk/zp/portal_zp.pl?podrobnosti=184076
Tags: Ajouter un tag
Pas de tags, Soyez le premier à ajouter un tag!

MARC

LEADER 00000ntm a22000003a 4500
001 stuzp105833
003 SK-STU
005 20250607211751.9
007 ta
008 150427s2015----xo-----f-mn---000-0-slo-d
040 |a STU  |b slo 
041 0 |a slo 
100 1 |a Kovalčík, Ctibor  |u 070400  |4 aut  |U FIIT Fakulta informatiky a informačných technológií  |T FIIT Ústav počítačového inžinierstva a aplikovanej informatiky  |X 110829  |U I400  |Y 672  |7 110829 
242 0 1 |a Creation of Registration for Individuals with Special Public Functions and Its Application to Financial Innovations  |y eng 
245 1 0 |a Vytvorenie registra osôb s významnými verejnými funkciami a jeho aplikácia do finančných inovácií 
260 |c 2025 
650 4 |a politically exposed persons  |2 eng 
650 4 |a public functions  |2 eng 
650 4 |a PEP register  |2 eng 
650 4 |a AML  |2 eng 
650 4 |a PEP  |2 eng 
650 4 |a AML  |2 slo 
650 4 |a register verejných funkcionárov  |2 slo 
650 4 |a politicky exponovaná osoba  |2 slo 
650 4 |a PEP  |2 slo 
700 1 |a Marko, Richard  |u 070400  |k Z2  |4 ths  |U FIIT Fakulta informatiky a informačných technológií  |T FIIT Ústav počítačového inžinierstva a aplikovanej informatiky  |X 116343  |U I400  |Y 672  |7 116343 
856 4 |u http://is.stuba.sk/zp/portal_zp.pl?podrobnosti=184076